| 000 | 00898nas a2200337 4500 | ||
|---|---|---|---|
| 001 | BR9607324 | ||
| 003 | BR-BrBNA | ||
| 005 | 20231205094938.0 | ||
| 007 | ta | ||
| 008 | 230509b bl.|||p| |||| 00| 00por d | ||
| 040 |
_aBR-BrBNA _bpor _cBiblioteca Nacional de Agricultura |
||
| 041 | _a(Pt) | ||
| 072 | _aL73; L70 | ||
| 100 | 1 | _aGermani, M.H. | |
| 100 | 1 | _aBracialli, C.S. | |
| 100 | 1 | _aSturion, D.J. | |
| 100 | 1 | _aMarques Junior, A.F. | |
| 100 | 1 | _aRodrigues, G. | |
| 100 | 1 | _aRaineri, I.P.S. | |
| 100 | 1 | _aDalevedo, R.C. | |
| 100 | 1 | _aChiavone, A. | |
| 100 | 1 | _aCamargo, G.L. | |
| 245 | 1 | _aAtonia vesical obstrutiva em cao | |
| 650 | _aCao | ||
| 650 | _aCalculo Urinario | ||
| 650 | _aBexiga | ||
| 650 | _aVeterinaria | ||
| 773 | 0 |
_tUNIMAR Ciencias (Brazil) _x _g(1995), v. 4(1) p. 110-122 _wBR9607324 |
|
| 909 |
_a202311 _bLúcia _c55 _dLúcia Elande |
||
| 942 |
_2AGRIS _n0 _cANA |
||
| 999 |
_c147874 _d147874 |
||